000 01111cam a2200325 a 4500
001 979
005 20231124091043.0
020 _a090129003990
040 _aDLC
_cDLC
_dDLC
_beng
050 0 0 _aPZ7.O81167
_bVh 1998
082 0 0 _a[Fic]
_221
100 1 _aOsborne, Mary Pope.
245 1 0 _aViking ships at sunrise /
_cby Mary Pope Osborne ; illustrated by Sal Murdocca.
260 _aNew York :
_bRandom House
_c1998.
300 _a71 pages :
_billustrations ;
_c20 cm
490 1 _aMagic tree house
_vBook 15
500 _a"A Stepping Stone book."
505 _aN
520 _aTheir magic tree house takes Jack and Annie back to a monastery in medieval Ireland, where they try to retrieve a lost book while being menaced by Viking raiders.
521 _a570
_bLexile
521 _aN
_bRaz-Plus
650 1 _aVikings
_xFiction.
650 1 _aMonasteries
_xFiction.
650 1 _aTime travel
_xFiction.
650 1 _aMagic
_xFiction.
650 1 _aTree houses
_xFiction.
700 1 _aMurdocca, Sal
_eillustrator
906 _a7
_bcbc
_corignew
_d1
_eocip
_f19
_gy-gencatlg
942 _2ddc
_cBK
_n0
999 _c979
_d979